|
|
|
|
| LEADER |
00000nam a22000007a 4500 |
| 005 |
20170529004916.0 |
| 007 |
cr|||| |||| |
| 008 |
170529s2016 mx |||||s|||| 00||0 spa d |
| 020 |
|
|
|a 978-607-8463-50-3
|
| 035 |
|
|
|a 20284
|
| 040 |
|
|
|a vLex
|
| 090 |
|
|
|c 6717
|d 6717
|
| 100 |
1 |
|
|a Domn̕guez Bocanegra, Germǹ
|
| 245 |
1 |
0 |
|a Gua̕ prc̀tica para un plan de negocios y obtencin̤ de fondos del Gobierno Federal
|h [Recurso electrn̤ico] /
|c Germǹ Domn̕guez Bocanegra
|
| 256 |
|
|
|a Servicio en ln̕ea
|
| 260 |
|
|
|a Mx̌ico DF:
|b Instituto Mexicano de Contadores Pb︢licos,
|c 2016
|
| 300 |
|
|
|a 1 recurso electrn̤ico
|
| 500 |
|
|
|a Subtt̕ulo: Incubadoras de empresas dentro de las IES y MS. En las l︢timas dčadas, nuestro pas̕ ha enfrentado la problemt̀ica de la generacin̤ de nuevos empleos que fortalezcan su economa̕, y aunque el gobierno invierte bastantes recursos, implementando diferentes estrategias para encontrar una solucin̤ favorable, en muchos casos no se ha obtenido el resultado esperado. Una va̕ segura y eficiente para lo anterior, son las incubadoras de negocios dentro de las universidades, ya que ofrecen al emprendedor y al empresario diversos servicios como: alojamiento, asesora̕ para la elaboracin̤ de un plan de negocios y la obtencin̤ de financiamiento de los fondos del Gobierno Federal; consultora̕ especializada en diferentes r̀eas (legal, administrativa, mercadotecnia, contable, fiscal y tecnolg̤ica), as ̕como el acompaąmiento hasta su consolidacin̤. Cada proyecto incubado genera, por lo menos, cuatro nuevos empleos; por ello, es importante impulsar este programa brindando a los emprendedores, empresarios y consultores una gua̕ que les sirva de apoyo y les facilite el proceso. Esta obra est ̀diseąda para servir como libro de texto y de consulta especf̕i ca, porque en ella encontramos todo el proceso que se debe realizar dentro de una incubadora de negocios, hasta llegar a la obtencin̤ de los fi nanciamientos que ofrece el Gobierno Federal. Para ello, se ha incorporado el capt̕ulo 8 donde se desarrolla una metodologa̕ sencilla para presentar un modelo de negocio, que es utilizado en los pas̕es desarrollados desde el aǫ 2008: “Modelo de negocio de Canvas”, el cual es una herramienta que poco a poco comienza a ganar ms̀ adeptos. El objetivo de este capt̕ulo es asegurar el desarrollo de un modelo de negocio claro y consistente, que sea capaz de ofrecer las respuestas adecuadas a las necesidades comerciales de la empresa o emprendimiento. Tambiň se incluyen varios casos prc̀ticos para obtener los fondos con el fin de iniciar o desarrollar un negocio.
|
| 506 |
1 |
|
|a Disponible solo en los productos indicados
|d vLex Global
|d vLex Global (Academic Edition, excluding Law Schools)
|d vLex Global (U.S. Academic Edition, Law Schools)
|d vLex Global (U.S. Academic Edition, excluding Law Schools)
|d vLex Global (Academic Edition, Law Schools)
|
| 650 |
0 |
4 |
|a Derecho Mercantil y de la Empresa
|z Mx̌ico
|
| 650 |
0 |
4 |
|a Derecho Pb︢lico y Administrativo
|z Mx̌ico
|
| 740 |
0 |
|
|a vLex Libros (Servicio en ln̕ea)
|
| 856 |
4 |
0 |
|u http://vlex.com/source/guia-practica-para-un-plan-de-negocios-y-obtencion-de-fondos-del-gobierno-federal-incubadoras-de-empresas-dentro-de-las-ies-y-ms-20284
|z Acceso restringido
|
| 942 |
|
|
|c BOOK
|
| 999 |
0 |
|
|a Commercial and Company Law
|
| 999 |
0 |
|
|a Public and Administrative Law
|